01426cam a2200205 45000010005000000100015000050210014000201000041000342000053000752100029001282150016001572250015001733300877001886060027010656750033010927000029011257020019011548010018011738300029011915921 a9725300483 b139095/99 a20211231d1999 m||y0pory5003 ba1 aBlue MoonfDominique Sigaudgtrad. Clara Alvarez 9aLisboacBizânciod1999 a104, [1] p.2 aInfernov6 aBlue Moon, que é um dos mais belos e estranhos livros da nova literatura francesa, é também um terrível libelo contra a pena de morte. Aaron Robbins, um jovem negro, habitante de um dos Estados do Sul dos Estados Unidos da América, violou e assassinou uma mulher. Uma mulher branca e loura. Detido durante cerca de vinte anos, sabe agora que vai morrer. o perdão, a sua última hipótese de sobrevivência, acaba de lhe ser negado. Inicia-se então uma sucessão de flashes que pouco a pouco permitem reconstituir a vida do criminoso e os motivos do seu acto, e conduzem o leitor desde os meandros da sua torturada relação com o pai até evocação do desejo que o adolescente sentia perante as mulheres do Blue Moon e, finalmente, às derradeiras palavras que o condenado diz à mãe do seu filho, a única mulher que verdadeiramente o amou... aLiteratura Estrangeira a821.133.1-311.6"19"vBNzpor aSigaudbDominiquef1959- aAlvarezbClara aPTbBMVNgRPC cInês Silvad31/12/2021